[Event "Stavanger op A"]
[Site "Stavanger"]
[Date "2013.05.??"]
[Round "1"]
[White "Long, David F"]
[Black "Orlowski, Juergen"]
[Result "0-1"]
[WhiteElo "1858"]
[BlackElo "2163"]
[PlyCount "50"]
[EventDate "2013.05.08"]
[EventType "swiss"]
[EventRounds "6"]
[EventCountry "NOR"]
[SourceTitle "EXT 2024"]
[Source "ChessBase"]
[SourceDate "2023.10.10"]
[SourceVersion "1"]
[SourceVersionDate "2023.10.10"]
[SourceQuality "1"]

1. d4 Nf6 2. Nf3 c5 3. e3 g6 4. Be2 Bg7 5. 0-0 0-0 6. c4 d5 7. dxc5 Na6 8. cxd5 Nxc5 9. Nc3 Nfe4 10. Nxe4 Nxe4 11. Qa4 Qxd5 12. Rd1 Qf5 13. Bd2 Bxb2 14. Rab1 Bc3 15. Bd3 Nc5 16. Bxf5 Nxa4 17. Bc2 Bxd2 18. Rxd2 Nc3 19. Rb3 Nxa2 20. Be4 Be6 21. Rxb7 Rfc8 22. h3 Nc3 23. Bc2 a5 24. Bb3 Bxb3 25. Rxb3 a4 0-1

[Event "Oberliga Wuerttemberg 1213"]
[Site "Wuerttemberg"]
[Date "2013.03.24"]
[Round "8.7"]
[White "Orlowski, Juergen"]
[Black "Antunes, Andre Serigado Mira"]
[Result "0-1"]
[WhiteElo "2156"]
[BlackElo "1950"]
[PlyCount "78"]
[EventDate "2012.09.30"]
[EventType "team-tourn"]
[EventRounds "9"]
[EventCountry "GER"]
[SourceTitle "EXT 2019"]
[Source "ChessBase"]
[SourceDate "2018.10.10"]
[SourceVersion "1"]
[SourceVersionDate "2018.10.10"]
[SourceQuality "1"]
[WhiteTeam "Ulm Post"]
[BlackTeam "Bebenhausen II"]
[WhiteTeamCountry "GER"]
[BlackTeamCountry "GER"]

1. Nf3 Nf6 2. c4 b6 3. g3 Bb7 4. Bg2 e6 5. 0-0 Be7 6. Nc3 0-0 7. b3 Ne4 8. Bb2 Bf6 9. Qc2 Nxc3 10. Bxc3 Bxc3 11. Qxc3 d5 12. cxd5 Bxd5 13. Rac1 c5 14. Rfd1 Nd7 15. d4 Rc8 16. Qd3 cxd4 17. Qxd4 Nf6 18. Qf4 Qe7 19. Ne5 Bxg2 20. Kxg2 Nd5 21. Qf3 Rxc1 22. Rxc1 Qg5 23. Nd3 Nb4 24. Rc7 Nxa2 25. Rc2 Qa5 26. Qf4 Nc3 27. e4 Nb5 28. Ne5 Qb4 29. Rc8 Rxc8 30. Qxf7+ Kh8 31. Qxe6 Rf8 32. Nf7+ Rxf7 33. Qxf7 Qxe4+ 34. f3 Qa8 35. Qd7 a6 36. h4 h6 37. g4 Qg8 38. g5 Qxb3 39. g6 Qc2+ 0-1

[Event "Oberliga Wuerttemberg 1011"]
[Site "Wuerttemberg"]
[Date "2011.03.27"]
[Round "8"]
[White "Reichert, Matthias"]
[Black "Orlowski, Juergen"]
[Result "0-1"]
[WhiteElo "2048"]
[BlackElo "2174"]
[PlyCount "80"]
[EventDate "2010.09.26"]
[EventType "team-tourn"]
[EventRounds "9"]
[EventCountry "GER"]
[SourceTitle "EXT 2019"]
[Source "ChessBase"]
[SourceDate "2018.10.10"]
[SourceVersion "1"]
[SourceVersionDate "2018.10.10"]
[SourceQuality "1"]
[WhiteTeam "Schwaebisch Gmuend"]
[BlackTeam "Ulm Post"]
[WhiteTeamCountry "GER"]
[BlackTeamCountry "GER"]

1. e4 c5 2. Nf3 e6 3. d4 cxd4 4. Nxd4 Qb6 5. Nb3 a6 6. Bd3 Qc7 7. f4 Nf6 8. e5 Nd5 9. c3 b5 10. Be4 Bb7 11. Qf3 Bc5 12. Nxc5 Qxc5 13. b3 a5 14. c4 Nc6 15. Na3 bxc4 16. Nxc4 0-0 17. Ba3 Ndb4 18. Rc1 f5 19. exf6 Rxf6 20. Bb2 d5 21. Bxh7+ Kxh7 22. Bxf6 dxc4 23. Qh3+ Kg6 24. Rxc4 Qf5 25. g4 Qb1+ 26. Ke2 Qxh1 27. Bb2 e5 28. Qh5+ Kf6 29. fxe5+ Ke6 30. Qf5+ Ke7 31. Qg5+ Kf8 32. Qf5+ Kg8 33. Qe6+ Kh7 34. Qf5+ Kh8 35. Qh5+ Kg8 36. Rf4 Qd5 37. Qg6 Ba6+ 38. Ke3 Nxe5 39. Qb1 Qd3+ 40. Qxd3 Nexd3 0-1

[Event "Oberliga Wuerttemberg 1011"]
[Site "Wuerttemberg"]
[Date "2011.02.13"]
[Round "6"]
[White "Orlowski, Juergen"]
[Black "Kaplunov, Vadym"]
[Result "1-0"]
[WhiteElo "2174"]
[BlackElo "1946"]
[PlyCount "133"]
[EventDate "2010.09.26"]
[EventType "team-tourn"]
[EventRounds "9"]
[EventCountry "GER"]
[SourceTitle "EXT 2019"]
[Source "ChessBase"]
[SourceDate "2018.10.10"]
[SourceVersion "1"]
[SourceVersionDate "2018.10.10"]
[SourceQuality "1"]
[WhiteTeam "Ulm Post"]
[BlackTeam "Stuttgart SF II"]
[WhiteTeamCountry "GER"]
[BlackTeamCountry "GER"]

1. d4 d5 2. Nf3 Nf6 3. c4 e6 4. g3 c6 5. Bg2 Bd6 6. Nc3 Nbd7 7. 0-0 0-0 8. Nd2 b6 9. e4 Nxe4 10. Ndxe4 dxe4 11. Nxe4 Bc7 12. d5 cxd5 13. cxd5 exd5 14. Qxd5 Ba6 15. Bg5 Qe8 16. Rfe1 Ne5 17. f4 Bc4 18. Qd4 Qd7 19. Qxd7 Nxd7 20. Nd2 Be6 21. Rec1 Bd6 22. Bxa8 Rxa8 23. Ne4 Bf8 24. Rc7 f6 25. Bh4 h6 26. Rd1 Nc5 27. Nxf6+ gxf6 28. Bxf6 Bg4 29. Re1 Nd3 30. Ree7 Bxe7 31. Rxe7 Bf5 32. g4 Bc8 33. f5 Ba6 34. Rg7+ Kf8 35. Rh7 Rc8 36. Rxa7 Bb5 37. Bg7+ Ke8 38. Bc3 Nf4 39. Kf2 Nd5 40. Bg7 Rc2+ 41. Kg3 Bf1 42. h4 h5 43. gxh5 Bd3 44. f6 Nc7 45. Ra3 Bf5 46. Rf3 Rc5 47. b4 Rd5 48. Rxf5 Rxf5 49. Kg4 Rf1 50. h6 Rg1+ 51. Kf3 Rh1 52. h7 Rxh4 53. h8Q+ Rxh8 54. Bxh8 Nd5 55. a3 Kf7 56. Ke4 Nc3+ 57. Kd3 Nb5 58. a4 Nc7 59. Kd4 Ke6 60. a5 Nb5+ 61. Kc4 bxa5 62. bxa5 Nd6+ 63. Kd4 Kd7 64. Kd5 Nf7 65. Bg7 Kc7 66. Bf8 Nd8 67. Be7 1-0

[Event "Oberliga Wuerttemberg 0809"]
[Site "Wuerttemberg"]
[Date "2009.03.29"]
[Round "9.8"]
[White "Orlowski, Juergen"]
[Black "Belzner, Helmut"]
[Result "1/2-1/2"]
[WhiteElo "2117"]
[BlackElo "1909"]
[PlyCount "54"]
[EventDate "2008.10.12"]
[EventType "team-tourn"]
[EventRounds "9"]
[EventCountry "GER"]
[SourceTitle "EXT 2019"]
[Source "ChessBase"]
[SourceDate "2018.10.10"]
[SourceVersion "1"]
[SourceVersionDate "2018.10.10"]
[SourceQuality "1"]
[WhiteTeam "Ulm Post"]
[BlackTeam "Rommelshausen"]
[WhiteTeamCountry "GER"]
[BlackTeamCountry "GER"]

1. d4 Nf6 2. Nf3 e6 3. e3 b6 4. Bd3 Bb7 5. 0-0 d6 6. b3 Nbd7 7. Bb2 Ne4 8. Nfd2 Ndf6 9. Nxe4 Nxe4 10. f3 Nf6 11. e4 Nd7 12. c4 c5 13. d5 e5 14. f4 f6 15. Nd2 g6 16. f5 Qe7 17. a3 Bh6 18. b4 Bxd2 19. Qxd2 Ba6 20. g4 g5 21. h4 h6 22. Kf2 Qg7 23. Rh1 Ke7 24. Rh3 gxh4 25. Rxh4 Qg5 26. Qxg5 hxg5 27. Rxh8 Rxh8 1/2-1/2

[Event "BL2-Ost 0203"]
[Site "Germany"]
[Date "2002.12.15"]
[Round "3.8"]
[White "Meier, Volker"]
[Black "Orlowski, Juergen"]
[Result "1-0"]
[WhiteElo "2294"]
[BlackElo "2175"]
[PlyCount "57"]
[EventDate "2002.10.20"]
[EventType "team-tourn"]
[EventRounds "9"]
[EventCountry "GER"]
[SourceTitle "EXT 2004"]
[Source "ChessBase"]
[SourceDate "2003.11.25"]
[SourceVersion "1"]
[SourceVersionDate "2003.11.25"]
[SourceQuality "1"]
[WhiteTeam "Schott Mainz"]
[BlackTeam "Wuerzburg"]
[WhiteTeamCountry "GER"]
[BlackTeamCountry "GER"]

1. e4 c5 2. Nf3 e6 3. d4 cxd4 4. Nxd4 Qb6 5. Nb3 Qc7 6. Bd3 Nf6 7. 0-0 d5 8. Nc3 dxe4 9. Nxe4 Nxe4 10. Bxe4 Bd6 11. h3 Nd7 12. Nd4 a6 13. c3 Nf6 14. Bc2 b6 15. Re1 Bb7 16. Nxe6 fxe6 17. Rxe6+ Be7 18. Qe2 Bd5 19. Bf4 Qb7 20. Re3 Kf7 21. Bg5 Rae8 22. Rd1 Bc5 23. Bxf6 Bxe3 24. Rxd5 Bf4 25. Qd1 gxf6 26. Rd7+ Qxd7 27. Qxd7+ Re7 28. Bb3+ Kf8 29. Qd8+ 1-0

[Event "Landesliga Nord 9798"]
[Site "Bayern"]
[Date "1997.??.??"]
[Round "?.1"]
[White "Suran, Jan"]
[Black "Orlowski, Juergen"]
[Result "1-0"]
[WhiteElo "2250"]
[BlackElo "2075"]
[PlyCount "57"]
[EventDate "1997.10.19"]
[EventType "team-tourn"]
[EventRounds "9"]
[EventCountry "GER"]
[SourceTitle "EXT 2020"]
[Source "ChessBase"]
[SourceDate "2019.10.17"]
[SourceVersion "1"]
[SourceVersionDate "2019.10.17"]
[SourceQuality "1"]
[WhiteTeam "Bamberg SC II"]
[BlackTeam "Wuerzburg II"]
[WhiteTeamCountry "GER"]
[BlackTeamCountry "GER"]

1. d4 d5 2. Nf3 e6 3. Bf4 Bd6 4. e3 f5 5. c4 Nf6 6. Nc3 0-0 7. Bd3 b6 8. 0-0 Ne4 9. Bxd6 Qxd6 10. cxd5 exd5 11. Rc1 c6 12. Ne5 Bb7 13. f4 Nd7 14. Bxe4 fxe4 15. Nxd7 Qxd7 16. Rf2 Rad8 17. Qa4 Ba8 18. b4 g5 19. Rcf1 Qe7 20. Ne2 h6 21. Ng3 c5 22. bxc5 bxc5 23. Qa3 Rc8 24. fxg5 Rxf2 25. Rxf2 Qxg5 26. Qxa7 cxd4 27. Qxd4 Bb7 28. Qb6 Bc6 29. Nf5 1-0

[Event "BL2-Sued 9596"]
[Site "Germany"]
[Date "1996.??.??"]
[Round "?.6"]
[White "Orlowski, Juergen"]
[Black "Schulze, Ulrich"]
[Result "0-1"]
[WhiteElo "2225"]
[BlackElo "2370"]
[PlyCount "59"]
[EventDate "1995.10.??"]
[EventType "team-tourn"]
[EventRounds "9"]
[EventCountry "GER"]
[SourceTitle "GER-chT2"]
[Source "ChessBase"]
[SourceDate "1999.07.01"]
[SourceVersion "1"]
[SourceVersionDate "1999.07.01"]
[SourceQuality "1"]
[WhiteTeam "Wuerzburg"]
[BlackTeam "Viernheim"]
[WhiteTeamCountry "GER"]
[BlackTeamCountry "GER"]

1. Nf3 Nf6 2. c4 g6 3. Nc3 Bg7 4. e4 c5 5. d4 Qa5 6. Bd2 cxd4 7. Nxd4 Nc6 8. Nb3 Qd8 9. Be2 0-0 10. 0-0 d6 11. Be3 b6 12. f4 Bb7 13. Bf3 Nd7 14. Qd2 Nc5 15. Nxc5 dxc5 16. Qxd8 Rfxd8 17. e5 Na5 18. Bxb7 Nxb7 19. Rad1 e6 20. Ne4 Na5 21. b3 Nc6 22. Bf2 Rxd1 23. Rxd1 Rd8 24. Nd6 g5 25. g3 Nxe5 26. Kg2 gxf4 27. gxf4 Ng6 28. Bg3 Bf8 29. f5 exf5 30. Ne8 0-1

[Event "BL2-Sued 9495"]
[Site "Germany"]
[Date "1995.??.??"]
[Round "4.6"]
[White "Porth, Dietmar"]
[Black "Orlowski, Juergen"]
[Result "1-0"]
[WhiteElo "2270"]
[BlackElo "2255"]
[PlyCount "59"]
[EventDate "1994.10.??"]
[EventType "team-tourn"]
[EventRounds "9"]
[EventCountry "GER"]
[SourceTitle "GER-chT2"]
[Source "ChessBase"]
[SourceDate "1999.07.01"]
[SourceVersion "1"]
[SourceVersionDate "1999.07.01"]
[SourceQuality "1"]
[WhiteTeam "Kirchheim"]
[BlackTeam "Wuerzburg"]
[WhiteTeamCountry "GER"]
[BlackTeamCountry "GER"]

1. d4 d5 2. Nf3 e6 3. Bf4 Bd6 4. Bg3 Nf6 5. e3 Nbd7 6. Nbd2 Qe7 7. Ne5 Ne4 8. Nxe4 dxe4 9. c3 0-0 10. Be2 b6 11. Nxd7 Bxd7 12. Bxd6 Qxd6 13. Qc2 f5 14. 0-0 Rad8 15. b4 Kh8 16. Rab1 Bc6 17. g3 Ba8 18. c4 f4 19. Rfd1 fxg3 20. fxg3 e5 21. d5 c6 22. dxc6 Qxc6 23. Rxd8 Rxd8 24. Rd1 Rf8 25. Qd2 Qh6 26. Rf1 Rc8 27. Kg2 Qg5 28. Qd7 Rd8 29. h4 Bc6 30. Qc7 1-0

[Event "SUI-chT"]
[Site "Switzerland"]
[Date "1994.??.??"]
[Round "3"]
[White "Orlowski, Juergen"]
[Black "Begovac, Franja"]
[Result "0-1"]
[WhiteElo "2260"]
[BlackElo "2400"]
[PlyCount "84"]
[EventDate "1994.??.??"]
[EventType "team-tourn"]
[EventRounds "9"]
[EventCountry "SUI"]
[SourceTitle "EXT 2000"]
[Source "ChessBase"]
[SourceDate "1999.11.16"]
[SourceVersion "1"]
[SourceVersionDate "1999.11.16"]
[SourceQuality "1"]

1. Nf3 d5 2. d4 Nf6 3. c4 e6 4. Nc3 Be7 5. Bf4 c5 6. dxc5 Na6 7. e3 Nxc5 8. cxd5 Nxd5 9. Nxd5 exd5 10. Bb5+ Bd7 11. Bxd7+ Qxd7 12. 0-0 0-0 13. Be5 Rac8 14. Qd4 f6 15. Bg3 Rfd8 16. Rfd1 Qb5 17. Rac1 Ne4 18. b3 Ba3 19. Rxc8 Rxc8 20. Qxa7 Bc5 21. Qa4 Qxa4 22. bxa4 Nc3 23. Rd2 Ra8 24. Rb2 Rxa4 25. Rxb7 Rxa2 26. Kf1 Ra1+ 27. Ne1 Ne4 28. Ke2 Ra2+ 29. Kf3 Rd2 30. Rb1 Bd6 31. Bxd6 Rxf2+ 32. Kg4 Nxd6 33. Rd1 Nc4 34. Kg3 Rf1 35. e4 dxe4 36. Rd4 Rxe1 37. Rxc4 f5 38. Rc7 Rf1 39. h4 h5 40. Re7 Kf8 41. Ra7 e3 42. Ra2 Kf7 0-1

[Event "SUI-chT"]
[Site "Switzerland"]
[Date "1994.??.??"]
[Round "9"]
[White "Orlowski, Juergen"]
[Black "Hort, Vlastimil"]
[Result "0-1"]
[WhiteElo "2260"]
[BlackElo "2535"]
[PlyCount "86"]
[EventDate "1994.??.??"]
[EventType "team-tourn"]
[EventRounds "9"]
[EventCountry "SUI"]
[SourceTitle "EXT 2000"]
[Source "ChessBase"]
[SourceDate "1999.11.16"]
[SourceVersion "1"]
[SourceVersionDate "1999.11.16"]
[SourceQuality "1"]

1. Nf3 d5 2. d4 Nf6 3. c4 dxc4 4. Qa4+ Nc6 5. Nc3 e6 6. Bg5 Bb4 7. a3 Bxc3+ 8. bxc3 Qd5 9. Bxf6 gxf6 10. Rb1 a6 11. Qc2 b5 12. a4 Bd7 13. g3 Qf5 14. Qxf5 exf5 15. Bg2 Ke7 16. 0-0 Rab8 17. Nh4 Kd6 18. axb5 axb5 19. e4 fxe4 20. Bxe4 Ne7 21. Rfe1 c6 22. Ra1 Ra8 23. Kg2 f5 24. Bf3 Be6 25. Kf1 Rhb8 26. Ng2 Bd5 27. Bh5 Bxg2+ 28. Kxg2 Nd5 29. Rxa8 Rxa8 30. Bxf7 Nxc3 31. Re6+ Kc7 32. Rh6 Ne4 33. d5 cxd5 34. Bxd5 Ra2 35. Kg1 Rd2 36. Rxh7+ Kd6 37. Bxe4 fxe4 38. Rh8 c3 39. Kf1 Kc5 40. Ke1 Ra2 41. h4 b4 42. Rc8+ Kd4 43. h5 b3 0-1

[Event "BL2-Ost 9394"]
[Site "Germany"]
[Date "1994.??.??"]
[Round "?.7"]
[White "Qendro, Llambi"]
[Black "Orlowski, Juergen"]
[Result "1-0"]
[WhiteElo "2300"]
[BlackElo "2255"]
[PlyCount "85"]
[EventDate "1993.10.??"]
[EventType "team-tourn"]
[EventRounds "9"]
[EventCountry "GER"]
[SourceTitle "GER-chT2"]
[Source "ChessBase"]
[SourceDate "1999.07.01"]
[SourceVersion "1"]
[SourceVersionDate "1999.07.01"]
[SourceQuality "1"]
[WhiteTeam "Hofheim"]
[BlackTeam "Wuerzburg"]
[WhiteTeamCountry "GER"]
[BlackTeamCountry "GER"]

1. d4 d5 2. c4 e6 3. Nc3 c5 4. e3 Nf6 5. Nf3 a6 6. cxd5 exd5 7. Be2 Bd6 8. dxc5 Bxc5 9. 0-0 Nc6 10. b3 0-0 11. Bb2 Bg4 12. Rc1 Qd6 13. Nd4 Bxd4 14. Bxg4 Be5 15. f4 Bxc3 16. Rxc3 Rfe8 17. Bf3 Rad8 18. Rd3 Ne4 19. Bxe4 Rxe4 20. Qg4 Qg6 21. Qxg6 hxg6 22. a3 d4 23. Rfd1 Rxe3 24. Rxe3 dxe3 25. Rxd8+ Nxd8 26. g3 Nc6 27. Bc3 f6 28. Kf1 Kf7 29. Ke2 Ke6 30. Kxe3 Kd5 31. g4 Nb8 32. h4 Nd7 33. Bd4 Kd6 34. Ke4 Ke6 35. g5 Kd6 36. f5 gxf5+ 37. Kxf5 Ke7 38. gxf6+ gxf6 39. h5 Kf7 40. h6 Kg8 41. Bxf6 Kh7 42. Bg5 b5 43. Be3 1-0

[Event "BL2-Ost 9394"]
[Site "Germany"]
[Date "1993.??.??"]
[Round "?.8"]
[White "Orlowski, Juergen"]
[Black "Csulits, Anton"]
[Result "1/2-1/2"]
[WhiteElo "2255"]
[BlackElo "2310"]
[PlyCount "37"]
[EventDate "1993.10.??"]
[EventType "team-tourn"]
[EventRounds "9"]
[EventCountry "GER"]
[SourceTitle "GER-chT2"]
[Source "ChessBase"]
[SourceDate "1999.07.01"]
[SourceVersion "1"]
[SourceVersionDate "1999.07.01"]
[SourceQuality "1"]
[WhiteTeam "Wuerzburg"]
[BlackTeam "Halle"]
[WhiteTeamCountry "GER"]
[BlackTeamCountry "GER"]

1. d4 Nf6 2. Nf3 g6 3. c4 Bg7 4. Nc3 0-0 5. e4 d6 6. Be2 Bg4 7. Be3 Nfd7 8. Ng1 Bxe2 9. Ngxe2 Nc6 10. 0-0 e5 11. f3 exd4 12. Nxd4 Nde5 13. b3 Nxd4 14. Bxd4 c5 15. Bxe5 Bxe5 16. Rc1 Qh4 17. g3 Bxg3 18. hxg3 Qxg3+ 19. Kh1 1/2-1/2

[Event "BL2-Ost 9293"]
[Site "Germany"]
[Date "1993.??.??"]
[Round "?.6"]
[White "Orlowski, Juergen"]
[Black "Martin, Thomas2222"]
[Result "0-1"]
[WhiteElo "2275"]
[BlackElo "2220"]
[PlyCount "76"]
[EventDate "1992.10.??"]
[EventType "team-tourn"]
[EventRounds "9"]
[EventCountry "GER"]
[SourceTitle "GER-chT2"]
[Source "ChessBase"]
[SourceDate "1999.07.01"]
[SourceVersion "1"]
[SourceVersionDate "1999.07.01"]
[SourceQuality "1"]
[WhiteTeam "Wuerzburg"]
[BlackTeam "Bayern Muenchen II"]
[WhiteTeamCountry "GER"]
[BlackTeamCountry "GER"]

1. d4 e6 2. Nf3 Nf6 3. c4 d5 4. Nc3 Be7 5. Bg5 h6 6. Bxf6 Bxf6 7. e3 c6 8. Qc2 a6 9. Rd1 0-0 10. e4 b5 11. cxd5 cxd5 12. e5 Be7 13. Be2 Bd7 14. 0-0 Nc6 15. Kh1 Rc8 16. Qd2 f6 17. Qe3 f5 18. Ne1 Qb6 19. f4 Na5 20. g4 Nc4 21. Qh3 b4 22. Nb1 Nxb2 23. Rd2 Na4 24. Rg1 Rc1 25. gxf5 exf5 26. Bf3 Be6 27. Qxh6 Rf7 28. Rdg2 Bf8 29. Nd2 Rfc7 30. Rg6 Qxd4 31. Qh5 Rxe1 32. Rxe1 Qxd2 33. Reg1 Bf7 34. Qxf5 Bxg6 35. Qxg6 Nc5 36. f5 Qd3 37. Qh5 Ne4 38. Bxe4 Qxe4+ 0-1

[Event "Switzerland"]
[Site "Switzerland"]
[Date "1992.??.??"]
[Round "?"]
[White "Donev, Ivo Hristov"]
[Black "Orlowski, Juergen"]
[Result "1-0"]
[WhiteElo "2415"]
[BlackElo "2275"]
[PlyCount "37"]
[EventDate "1992.??.??"]
[EventType "game"]
[EventRounds "1"]
[EventCountry "SUI"]
[SourceTitle "EXT 2010"]
[Source "ChessBase"]
[SourceDate "2010.11.25"]
[SourceVersion "1"]
[SourceVersionDate "2010.11.25"]
[SourceQuality "1"]

1. e4 c5 2. Nc3 Nc6 3. g3 g6 4. Bg2 Bg7 5. d3 d6 6. f4 Rb8 7. Nf3 b5 8. 0-0 a5 9. e5 dxe5 10. fxe5 Nxe5 11. Bf4 Bg4 12. Nxe5 Qd4+ 13. Kh1 Bxd1 14. Bc6+ Kd8 15. Nxf7+ Kc8 16. Bxb8 Bxc2 17. Nxb5 Qxb2 18. Be5 Bxe5 19. Nfd6+ 1-0

[Event "BL2-Ost 9293"]
[Site "Germany"]
[Date "1992.??.??"]
[Round "?.6"]
[White "Wallinger, Manfred"]
[Black "Orlowski, Juergen"]
[Result "0-1"]
[WhiteElo "2240"]
[BlackElo "2275"]
[PlyCount "76"]
[EventDate "1992.10.??"]
[EventType "team-tourn"]
[EventRounds "9"]
[EventCountry "GER"]
[SourceTitle "GER-chT2"]
[Source "ChessBase"]
[SourceDate "1999.07.01"]
[SourceVersion "1"]
[SourceVersionDate "1999.07.01"]
[SourceQuality "1"]
[WhiteTeam "Nuernberg Grundig SC"]
[BlackTeam "Wuerzburg"]
[WhiteTeamCountry "GER"]
[BlackTeamCountry "GER"]

1. d4 d5 2. c4 e6 3. Nc3 c5 4. cxd5 cxd4 5. Qa4+ Bd7 6. Qxd4 exd5 7. Qxd5 Nf6 8. Qd1 Nc6 9. Nf3 Bc5 10. e3 Qe7 11. Be2 g5 12. 0-0 g4 13. Nd4 h5 14. Ncb5 0-0-0 15. b4 Nxd4 16. Nxd4 Bd6 17. Bb2 Ne4 18. b5 Kb8 19. Rb1 Qh4 20. f4 g3 21. h3 Nf2 22. Qb3 Nxh3+ 23. gxh3 Qxh3 24. Nf3 Bg4 25. Qc2 Bc5 26. Bd4 Bxf3 27. Bxf3 Rxd4 28. Rb2 Bb6 29. Re1 Rxf4 30. Qc3 Rc8 31. Qe5+ Bc7 32. Qd5 Rxf3 33. Qxf3 Be5 34. Rd2 Bc3 35. Rc1 Bxd2 36. Qf4+ Ka8 37. Rxc8+ Qxc8 38. Qxg3 Qg4 0-1

[Event "Wuerzburger op 5th"]
[Site "Wuerzburg"]
[Date "1989.05.19"]
[Round "5"]
[White "Orlowski, Juergen"]
[Black "Klundt, Klaus"]
[Result "0-1"]
[WhiteElo "2310"]
[BlackElo "2410"]
[PlyCount "64"]
[EventDate "1989.05.??"]
[EventType "swiss"]
[EventRounds "7"]
[EventCountry "GER"]
[SourceTitle "EXT 2002"]
[Source "ChessBase"]
[SourceDate "2001.11.25"]
[SourceVersion "1"]
[SourceVersionDate "2001.11.25"]
[SourceQuality "1"]

1. d4 Nf6 2. Nf3 g6 3. c4 Bg7 4. Nc3 0-0 5. e4 d6 6. Be2 e5 7. 0-0 Nc6 8. d5 Ne7 9. Nd2 a5 10. b3 Nd7 11. Ba3 f5 12. b4 axb4 13. Bxb4 Bh6 14. Nb3 b6 15. a4 Nf6 16. Bf3 g5 17. exf5 Bxf5 18. a5 bxa5 19. Bxa5 Qd7 20. Nb5 Rac8 21. Na7 Rb8 22. Nb5 Rb7 23. Bd2 Bd3 24. Be2 Bxe2 25. Qxe2 Nexd5 26. Rfd1 Ne7 27. Nc5 dxc5 28. Bxg5 Qg4 29. Qxg4 Nxg4 30. Bxe7 Rxf2 31. Rd7 Be3 32. Ra8+ Rf8+ 0-1